000
00311 a2200109 4500
000
nam a22 7a 4500
020
_a
9781801101189
100
_a
Masterton, Graham
245
_a
Black Angel ; A satanic murder. A terrifying secret. A demonic force unleashed .
260
_b
Head of Zeus,
_c
2021
264
_c
2021
999
_c
86768
_d
86768